| Record ID | ia:bremenlectureson00bost |
| Source | Internet Archive |
| Download MARC XML | https://archive.org/download/bremenlectureson00bost/bremenlectureson00bost_marc.xml |
| Download MARC binary | https://www.archive.org/download/bremenlectureson00bost/bremenlectureson00bost_meta.mrc |
LEADER: 00526nam a2200181u 4500
001 8131948
005 00000000000000.0
008 891019s1871 nyu 000 0 eng
035 $9(DLC)tmp81016351
906 $a0$bcbc$cpremunv$du$encip$f19$gy-gencatlg
010 $atmp81016351
040 $aDLC$cCarP$dDLC
050 00 $aBR50$b.B68
245 04 $aThe Bremen lectures on Fundamental living, religious questions...
260 $aBoston, N.Y.,$c1871.
300 $a1 v.$bcm.
985 $g050dvc
991 $bc-GenColl$hBR50$i.B68$tCopy 1$wPREM